000 00871cab a2200289 4500
001 ABS51084
008 090401t1994 xxu||||| |||| 00| 0 eng d
035 _a(Sirsi) u8902
041 _aeng
100 _aAubrey, C.
245 _aBetween the hammer and the anvil
260 _c1994
350 _a0
490 _aMunicipal Journal
_v(30) 29 July 1994, 30(1)
520 _aBriefly looks at the findings of the "Wind energy" report from the House of Commons Welsh Affairs Committee, which considered the establishment of wind farms in Wales.
650 _aATTITUDES
650 _aPLANNING PERMISSION
650 _aPUBLIC OPINION
650 _aPUBLIC
650 _aRENEWABLE ENERGY
650 _aWALES
650 _aWIND FARMS
690 _aENVIRONMENTAL AND LAND CONSULTANCY-ENERGY
690 _aEnvironment
_96238
942 _n0
948 _c04/03/1997
999 _c5514
_d5514